Analýza likvidácie obchodnej spoločnosti z právneho, účtovného a daňového hľadiska

Likvidácia obchodnej spoločnosti je z hľadiska existencie obchodnej spoločnosti poslednou vlastníckou transakciou v živote obchodnej spoločnosti. Likvidácia je dlhodobý a náročný proces smerujúci k zániku obchodnej spoločnosti. Napriek jej negatívnemu vnímaniu, likvidácia predstavuje prirodzenú súča...

Descrizione completa

Salvato in:
Dettagli Bibliografici
Autore principale: Podmanická, Martina, 1977-
Natura: Capitolo di libro
Lingua:slovacco
Soggetti:
Tags: Aggiungi Tag
Nessun Tag, puoi essere il primo ad aggiungerne!!

MARC

LEADER 00000naa a2200000 4500
001 0297707
005 20240502074516.5
041 0 |a slo 
044 |a SK 
245 1 0 |a Analýza likvidácie obchodnej spoločnosti z právneho, účtovného a daňového hľadiska  |c Martina Podmanická 
520 |a Likvidácia obchodnej spoločnosti je z hľadiska existencie obchodnej spoločnosti poslednou vlastníckou transakciou v živote obchodnej spoločnosti. Likvidácia je dlhodobý a náročný proces smerujúci k zániku obchodnej spoločnosti. Napriek jej negatívnemu vnímaniu, likvidácia predstavuje prirodzenú súčasť existencie obchodnej spoločnosti. Príspevok objasňuje likvidáciu spoločnosti ako jednu z foriem zrušenia spoločnosti, ozrejmuje povinnosti obchodnej spoločnosti i likvidátora spoločnosti spojené s likvidáciou a informuje o právnych súvislostiach likvidácie do tej miery, ktorá je nevyhnutná pre pochopenie likvidácie a správne účtovné zobrazenie danej transakcie, zároveň poskytuje účtovné i daňové riešenie danej problematiky z hľadiska zanikajúcej spoločnosti v súlade s platnou obchodnou, účtovnou i daňovou legislatívou. 
610 2 0 |a závierka účtovná 
610 2 0 |a spoločnosti obchodné 
610 2 0 |a dane 
610 2 0 |a účtovníctvo 
610 2 0 |a daňovníci 
610 2 0 |a legislatíva 
610 2 0 |a likvidácia 
100 1 |a Podmanická, Martina, 1977-